MARC

LEADER 00000nas a2200000 a 4500
001 ssj0001691
003 WaSeSS
005 20200512172242.0
006 m d
007 cr n
008 050614c19769999cauqr pss 0 0eng c
010 |a  2009247677 
022 |y 0738-7806 
035 |a (WaSeSS)ssj0001691 
037 |a 22573/ctsdkxt4  |b JSTOR 
040 |a OCLCS  |b eng  |c OCLCS  |d AUD  |d BUF  |d OCLCA  |d OCLCQ  |d OCLCO  |d OCLCF  |d OCLCO  |d OCLCQ  |d OCLCO  |d OCLCQ  |d XFH  |d U3W  |d OCLCO  |d OCLCA  |d TEF  |d VT2  |d WaSeSS 
042 |a pcc 
043 |a n-us--- 
050 4 |a HQ1060  |b .G355 
060 4 |a W1  |b GE273G 
070 |a HA1060.G4 
082 0 4 |a 305.26  |b qG326 
130 0 |a Generations (San Francisco, Calif. : Online) 
245 1 0 |a Generations  |h [electronic resource]. 
260 |a [San Francisco, Calif.] :  |b Western Gerontological Society 
310 |a Quarterly 
362 1 |a Print began in 1976. 
500 |a Each issue has also a distinctive title. 
506 |a License restrictions may limit access. 
538 |a Mode of access: World Wide Web. 
550 |a Journal of the: Western Gerontological Society, 1976- ; American Society on Aging, <1985->. 
588 |a Description based on print version record. 
588 |a Latest issue consulted: Vol. 32, no. 3 (2008) (EBSCOhost, viewed Apr. 22, 2009). 
650 0 |a Gerontology  |v Periodicals. 
650 0 |a Aging  |v Periodicals. 
650 0 |a Gerontology  |z United States  |v Periodicals. 
650 0 |a Aging  |z United States  |v Periodicals. 
650 0 |a Geriatrics  |v Periodicals. 
650 2 |a Aging  |v Periodicals. 
650 2 |a Geriatrics  |v Periodicals. 
650 7 |a Aging.  |2 fast  |0 (OCoLC)fst00800293 
650 7 |a Geriatrics.  |2 fast  |0 (OCoLC)fst00941257 
650 7 |a Gerontology.  |2 fast  |0 (OCoLC)fst00942204 
651 7 |a United States.  |2 fast  |0 (OCoLC)fst01204155 
655 0 |a Electronic journals. 
710 2 |a Western Gerontological Society. 
710 2 |a American Society on Aging. 
776 0 8 |i Print version:  |t Generations (San Francisco, Calif.)  |x 0738-7806  |w (DLC)sn 83010927  |w (OCoLC)8433296 
856 4 0 |z Full text available from Research Library: 10/01/1997 to present  |u https://search.proquest.com/publication/30306